Cómo manejar la presión en el trabajo : guía para la supervivencia /
Guardado en:
| Autor Principal: | |
|---|---|
| Otros Autores: | |
| Formato: | Libro |
| Idioma: | Spanish English |
| Publicado: |
México ; Buenos Aires :
McGraw-Hill/Interamericana de México,
c1990.
|
| Edición: | 1a. ed. en español. |
| Materias: | |
| Etiquetas: |
Agregar Etiqueta
Sin Etiquetas, Sea el primero en etiquetar este registro!
|
| LEADER | 00874nam a22002295 4500 | ||
|---|---|---|---|
| 001 | EAD.ead003385 | ||
| 008 | 080718s1990####ag#######b####001#0#spa#d | ||
| 005 | 20130322163436.0 | ||
| 245 | 1 | 0 | |a Cómo manejar la presión en el trabajo : |b guía para la supervivencia / |c Tanya Arroba, Kim James ; traducción, Roberto A. Haas García. |
| 250 | |a 1a. ed. en español. | ||
| 260 | |a México ; |a Buenos Aires : |b McGraw-Hill/Interamericana de México, |c c1990. | ||
| 300 | |a xix, 253 p. ; |c 23 cm. | ||
| 500 | |a Traducción de: Pressure at work a survival guide. | ||
| 504 | |a Incluye referencias bibliográficas e índice. | ||
| 020 | |a 9684223641 | ||
| 100 | 1 | |a Arroba, Tanya. | |
| 700 | 1 | |a James, Kim., |d 1953- | |
| 082 | 0 | 4 | |a 658.385 |2 21 |
| 653 | |a Stress | ||
| 650 | 7 | |a Ambiente de trabajo. |2 isoc | |
| 041 | 1 | |a spa |h eng | |
| 859 | |a AR-BaBDC |b BIB. ADMINISTRACION - Libros |h 658.385 |i Ar69 |p b02574 | ||
